000 01005nam a2200241 4500
008 b xx# ara u
010 _a50910
040 _aLB-BrCRDP
082 _a153.45/L525a
100 1 _a.ليبوفيتش، يشعياهو
130 1 _lAR
245 1 0 _aاحاديث في العلم والقيم
_b(احاديث اذاعية قدمها المؤلف ضمن (الجامعة المذاعة
_cيشعياهو ليبوفيتش؛ ترجمة سلمان ناطور؛ اعداد وتحرير عادل مناع
260 _aعمان
_bدار الجيل
_c1995
300 _a92 ص. ؛
_c20 سم.
490 0 _aالسلسلة العلمية المترجمة؛ 1
500 _aالعنوان الاصلي: Science and values
650 _aالعقل
_xفلسفة ونظريات
650 _aالقيم الاجتماعية
700 1 0 _aناطور، سلمان، مترجم
700 1 0 _aمناع، عادل، محرر
942 _cBK
999 _c15213
_d15213